[Event "Paderborn op 15th"]
[Site "Paderborn"]
[Date "2018.12.27"]
[Round "2"]
[White "Skembris, Spyridon"]
[Black "Mohammadi Nia, Borna"]
[Result "1-0"]
[WhiteElo "2384"]
[BlackElo "2025"]
[PlyCount "67"]
[EventDate "2018.12.27"]
[EventType "swiss"]
[EventRounds "7"]
[EventCountry "GER"]
[SourceTitle "CBM 188 Extra"]
[Source "ChessBase"]
[SourceDate "2019.02.26"]
[SourceVersion "1"]
[SourceVersionDate "2019.02.26"]
[SourceQuality "1"]

1. c4 g6 2. g3 Bg7 3. Bg2 c5 4. Nf3 Nc6 5. Nc3 Nf6 6. d4 cxd4 7. Nxd4 0-0 8. 0-0 Nxd4 9. Qxd4 d6 10. Qd3 Bf5 11. e4 Be6 12. Bd2 Nd7 13. b3 Nc5 14. Qe2 a5 15. Rac1 Rc8 16. Rfe1 b6 17. Bg5 Qd7 18. Qd2 Rfe8 19. h4 a4 20. b4 Na6 21. Nd5 Bxd5 22. exd5 a3 23. Bf1 Bb2 24. Rb1 Qa4 25. b5 Nb4 26. Rxb2 axb2 27. Qxb2 f6 28. Bh6 Nc2 29. Rc1 Na3 30. Qe2 Kh8 31. Qe6 Rc7 32. Qf7 Rg8 33. Re1 Qa7 34. Bf8 1-0

[Event "Mittelrhein Regionalliga 18/19"]
[Site "Nordrheinwestfalen"]
[Date "2018.12.16"]
[Round "5.3"]
[White "Gramb, Marius"]
[Black "Mohammadi Nia, Borna"]
[Result "1-0"]
[WhiteElo "2145"]
[BlackElo "2102"]
[PlyCount "91"]
[EventDate "2018.10.28"]
[EventType "team-tourn"]
[EventRounds "11"]
[EventCountry "GER"]
[SourceTitle "EXT 2022"]
[Source "ChessBase"]
[SourceDate "2021.10.06"]
[SourceVersion "1"]
[SourceVersionDate "2021.10.06"]
[SourceQuality "1"]
[WhiteTeam "Bruehl"]
[BlackTeam "Aachen DJK Aufwärts III"]
[WhiteTeamCountry "GER"]
[BlackTeamCountry "GER"]

1. d4 Nf6 2. c4 g6 3. Nc3 d5 4. cxd5 Nxd5 5. Bd2 Nb6 6. Bg5 Bg7 7. e3 0-0 8. Nf3 c5 9. dxc5 N6d7 10. Be2 h6 11. Bh4 g5 12. Bg3 Nxc5 13. 0-0 Nc6 14. Rc1 b6 15. Bb5 Bb7 16. Qe2 a6 17. Bxc6 Bxc6 18. Rfd1 Qc8 19. Nd4 Rd8 20. b4 Ne6 21. Nxc6 Qxc6 22. Nd5 Qb7 23. Qf3 Rd7 24. Nf6+ Bxf6 25. Rxd7 Qxd7 26. Qxa8+ Kg7 27. Qxa6 Qd2 28. Qc4 b5 29. Qc2 Qxb4 30. Rb1 Qa5 31. Qb3 b4 32. Qxb4 Qxa2 33. h3 h5 34. Qb8 Qc2 35. Be5 Bxe5 36. Qxe5+ f6 37. Qb2 Qf5 38. Qb5 Qe4 39. Rb4 Qc2 40. Qd7 Kf7 41. Rb6 Qc1+ 42. Kh2 Qc4 43. Rc6 Qe4 44. Rc8 Qe5+ 45. g3 Ng7 46. Rd8 1-0